| 000 | 00784nam a2200229 u 4500 | ||
|---|---|---|---|
| 001 | 000003027 | ||
| 003 | DO-SdBNP | ||
| 005 | 20240409073637.0 | ||
| 008 | 090706s1994 dr a r 000 0 spa d | ||
| 040 |
_aDO-SdBNP _bspa _cBNPHU |
||
| 082 |
_a305.5633 _bI58e |
||
| 100 | 1 |
_aInoa, Orlando _95784 |
|
| 245 | 1 | 0 |
_aEstado y campesinos al inicio de la era de Trujillo / _cOrlando Inoa. |
| 260 |
_aSanto Domingo : _bLa trinitaria, _c1994. |
||
| 300 |
_a262 p. : _bil. ; _c22 cm. |
||
| 504 | _aIncluye referencias bibliográficas y notas al pie de las páginas | ||
| 590 | _aInventariado, 2018/ BT | ||
| 650 | 1 | 4 |
_aCampesinos _zRepública Dominicana _99594 |
| 650 | 1 | 4 |
_aPolítica agrícola _zRepública Dominicana _99553 |
| 910 | _aValidado. Control de calidad MMOLINA | ||
| 942 |
_2ddc _cLBS1 |
||
| 999 |
_c2858 _d2858 |
||